PHARMACOGONOSY AND PHYTOCHEMISTRY-I (Record no. 1218891)

MARC details
000 -LEADER
fixed length control field 00453nam a2200169Ia 4500
008 - FIXED-LENGTH DATA ELEMENTS--GENERAL INFORMATION
fixed length control field 260407s2026 xx 000 0 und d
041 ## - LANGUAGE CODE
Language code of text/sound track or separate title eng
082 ## - DEWEY DECIMAL CLASSIFICATION NUMBER
Classification number 615.321/GOK
Item number 11399
100 ## - MAIN ENTRY--PERSONAL NAME
Personal name DR.S.B.GHOKHALE
245 ## - TITLE STATEMENT
Title PHARMACOGONOSY AND PHYTOCHEMISTRY-I
250 ## - EDITION STATEMENT
Edition statement 5TH
260 ## - PUBLICATION, DISTRIBUTION, ETC.
Place of publication, distribution, etc. PUNE
Name of publisher, distributor, etc. NIRALI PRAKASHAN
Date of publication, distribution, etc. 2026
300 ## - PHYSICAL DESCRIPTION
Extent 11.53p
650 ## - SUBJECT ADDED ENTRY--TOPICAL TERM
Topical term or geographic name entry element PHARMACOGNOSY
650 ## - SUBJECT ADDED ENTRY--TOPICAL TERM
Topical term or geographic name entry element PHARMACOGONOSY AND PHYTHO CHEMISTRY-I
700 ## - ADDED ENTRY--PERSONAL NAME
Personal name DR.C.K.KOKATE
Holdings
Withdrawn status Lost status Damaged status Not for loan Home library Current library Date acquired Cost, normal purchase price Total Checkouts Full call number Barcode Date last seen Price effective from Koha item type
        College of Pharmacy, Kolhapur College of Pharmacy, Kolhapur 21/03/2024 300.00   615.321/GOK/11399 PCK-11399 08/04/2026 08/04/2026 Book